El grupo germinal: una clave del 98
Uloženo v:
| Hlavní autor: | |
|---|---|
| Médium: | Kniha |
| Jazyk: | španělština |
| Vydáno: |
Madrid
Taurus
1970
|
| Edice: | Cuadernos Taurus, 99
|
| Témata: | |
| Tagy: |
Přidat tag
Žádné tagy, Buďte první, kdo vytvoří štítek k tomuto záznamu!
|
MARC
| LEADER | 00000nam a2200000 a 4500 | ||
|---|---|---|---|
| 001 | UCZ1456 | ||
| 003 | CL-VaPUC | ||
| 008 | 950824e19700000SP |||||||||||||||||spa|d | ||
| 082 | 0 | 4 | |a 860.9 |b PER |2 21 |
| 100 | 0 | |a Pérez de la Dehesa, Rafael |e author |9 345022 | |
| 245 | 1 | 3 | |a El grupo germinal: una clave del 98 |
| 300 | |a 116 p | ||
| 942 | |c BK | ||
| 945 | |d 19950824 00:00:00 |a rbrito | ||
| 260 | |a Madrid |b Taurus |c 1970 | ||
| 650 | 0 | |a Literatura española |9 306261 | |
| 650 | 0 | |a Crítica literaria |9 269189 | |
| 650 | 7 | |a GENERACION DEL 98 |2 CL-VaPUC |9 335582 | |
| 583 | |a last modification |c 19950824 00:00:00 |k Rodrigo Vera | ||
| 490 | 0 | |a Cuadernos Taurus, 99 | |
| 999 | |c 238201 |d 238199 | ||
| 952 | |0 0 |1 0 |4 0 |6 860_900000000000000_PER_1970 |7 0 |8 A |9 248232 |a BIBEDU |b BIBEDU |d 2019-11-18 |i 3106128 |o 860.9 PER 1970 |p 3106128 |r 2019-11-18 |w 2019-11-18 |y BK |k LIT | ||